| 000 | 00704nam a2200217Ia 4500 | ||
|---|---|---|---|
| 003 | GCL | ||
| 008 | 140319s9999 xx 000 0 ara d | ||
| 040 |
_aGCL / _cGCL |
||
| 082 | 0 | 4 |
_a301.1 _bن ت |
| 100 | 1 | _aنوال سليمان رمضان | |
| 245 | 1 | 0 |
_aالتنشئه الاجتماعية والقيم السياسية لدى الطفل المصرى / _cنوال سليمان رمضان |
| 260 |
_a[S.N] : _bدار النهضة العربية ، _c1992 |
||
| 300 | _a187 ص | ||
| 490 | _a | ||
| 650 | 0 | 4 | _aمصر |
| 650 | 0 | 4 | _aعلم النفس التربوى |
| 650 | 0 | 4 | _aالاجتماع |
| 650 | 0 | 4 | _aالطفولة |
| 650 | 0 | 4 | _aعلم النفس الاجتماعى |
| 942 |
_2ddc _cBK |
||
| 999 |
_c36923 _d36923 |
||